Statistics for Highest Elevation Countries By Continent

Click here to take the quiz!

General Stats

  • This quiz has been taken 447 times
    (413 since last reset)
  • The average score is 5 of 6

Answer Stats

Highest Point (ft)Highest Point (m)MountainContinentCountry% Correct
29,0298,848Mt. EverestAsiaNepal/China
100%
20,3206,194Mt. McKinleyNorth AmericaUnited States
97%
22,8416,959AconcaguaSouth AmericaArgentina
94%
19,3415,895Mt. KilimanjaroAfricaTanzania
91%
18,5105,642Mt. ElbrusEuropeRussia
85%
14,7934,905Mount WilhelmAustraliaPapua New Guinea
72%

Score Distribution

Percentile by Number Answered

Percent of People with Each Score

Your Score History

You have not taken this quiz since the last reset